Saját élményen alapuló tanulás

Elmentve itt :
Bibliográfiai részletek
Szerző: Hamrák Anna
Dokumentumtípus: Cikk
Megjelent: 1993
Sorozat:Iskolakultúra 3 No. 18
Kulcsszavak:Olvasás tanítása - módszer, Írás tanítása
Online Access:http://misc.bibl.u-szeged.hu/43855
LEADER 00613nab a2200181 i 4500
001 misc43855
005 20191106141228.0
008 180910s1993 hu o 0|| zxx d
022 |a 1215-5233 
040 |a SZTE Miscellanea Repozitórium  |b hun 
041 |a zxx 
100 1 |a Hamrák Anna 
245 1 0 |a Saját élményen alapuló tanulás  |h [elektronikus dokumentum] /  |c  Hamrák Anna 
260 |c 1993 
300 |a 12-18 
490 0 |a Iskolakultúra  |v 3 No. 18 
695 |a Olvasás tanítása - módszer, Írás tanítása 
856 4 0 |u http://misc.bibl.u-szeged.hu/43855/1/iskolakultura_1993_018_012-018.pdf  |z Dokumentum-elérés